| 000 | 00793nam a22002177a 4500 | ||
|---|---|---|---|
| 003 | 0 | ||
| 005 | 20250120141945.0 | ||
| 008 | 160107b xxu||||| |||| 00| 0 eng d | ||
| 050 |
_aPHS GV 706.4 _b.En56 2015 |
||
| 100 | _aEnciso, Verne Kelvin B. | ||
| 245 |
_aAthletic identity and aggression in sports of grade 10 and 11 varsity players _b _cVerne Kelvin B. Enciso |
||
| 260 |
_aLas PiƱas, Philippines : _bSouthville Internatonal School and Colleges, _c2015. |
||
| 300 |
_aiii, 18 p. : _bill. ; _c28 cm. |
||
| 504 | _aIncludes bibliographical references. | ||
| 650 |
_aAthletes _vPsychology. |
||
| 650 |
_aSports _vPsychological aspects. |
||
| 650 | _aAggressiveness in sports. | ||
| 650 | _aIdentity (Psychology) in adolescence. | ||
| 650 | _aHigh school athletes. | ||
| 942 |
_2lcc _cPASS |
||
| 999 |
_c289046 _d289046 |
||